[Event "Wloclawek CC Classic 23rd"]
[Site "Wloclawek"]
[Date "2019.??.??"]
[Round "3"]
[White "Bychowska, Marta"]
[Black "Sivickis, Andrejus"]
[Result "1-0"]
[WhiteElo "1322"]
[BlackElo "1187"]
[PlyCount "67"]
[EventDate "2019.06.??"]
[EventType "swiss"]
[EventRounds "7"]
[EventCountry "POL"]
[SourceTitle "EXT 2021"]
[Source "ChessBase"]
[SourceDate "2020.10.23"]
[SourceVersion "1"]
[SourceVersionDate "2020.10.23"]
[SourceQuality "1"]

1. e4 c5 2. Nf3 e6 3. d4 cxd4 4. Nxd4 a6 5. Nc3 Qc7 6. a3 Nf6 7. Bd3 Nc6 8. Nf3 Be7 9. 0-0 0-0 10. h3 b5 11. Be3 Bb7 12. Qd2 Rfd8 13. Bf4 e5 14. Be3 d5 15. exd5 Nxd5 16. Nxd5 Rxd5 17. Bxh7+ Kxh7 18. Qxd5 Kg8 19. Qb3 Rd8 20. Bg5 Nd4 21. Nxd4 Bxg5 22. Nf3 Bxf3 23. Qxf3 Qxc2 24. Rab1 Bf6 25. Rfe1 Rd2 26. Rec1 Qg6 27. Rd1 e4 28. Qb3 Re2 29. Kf1 Rxf2+ 30. Kxf2 Qf5+ 31. Kg1 Qc5+ 32. Kh1 Qf2 33. Re1 Qf4 34. Qe3 1-0

[Event "Wloclawek CC Classic 23rd"]
[Site "Wloclawek"]
[Date "2019.??.??"]
[Round "2"]
[White "Sivickis, Andrejus"]
[Black "Stepniak, Stanislaw"]
[Result "0-1"]
[WhiteElo "1187"]
[BlackElo "1504"]
[PlyCount "39"]
[EventDate "2019.06.??"]
[EventType "swiss"]
[EventRounds "7"]
[EventCountry "POL"]
[SourceTitle "EXT 2021"]
[Source "ChessBase"]
[SourceDate "2020.10.23"]
[SourceVersion "1"]
[SourceVersionDate "2020.10.23"]
[SourceQuality "1"]

1. e4 e6 2. d4 d5 3. exd5 exd5 4. Bd3 Nf6 5. Nf3 Bg4 6. 0-0 Nbd7 7. Bf4 Be7 8. Nbd2 0-0 9. Re1 Re8 10. c3 c6 11. Qc2 h6 12. h3 Nh5 13. Bxh6 Bxf3 14. Nxf3 gxh6 15. Ne5 Nxe5 16. Rxe5 Bg5 17. Qe2 Nf4 18. Rxe8+ Qxe8 19. Qxe8+ Rxe8 20. Bf5 0-1

[Event "Wloclawek CC Classic 21st"]
[Site "Wloclawek"]
[Date "2018.??.??"]
[Round "5"]
[White "Czekalski, Pawel"]
[Black "Sivickis, Andrejus"]
[Result "1-0"]
[WhiteElo "1164"]
[BlackElo "1205"]
[PlyCount "67"]
[EventDate "2018.06.??"]
[EventType "swiss"]
[EventRounds "7"]
[EventCountry "POL"]
[SourceTitle "EXT 2021"]
[Source "ChessBase"]
[SourceDate "2020.10.23"]
[SourceVersion "1"]
[SourceVersionDate "2020.10.23"]
[SourceQuality "1"]

1. Nf3 c5 2. e3 Nc6 3. Bb5 g6 4. Bxc6 dxc6 5. 0-0 Bg7 6. c3 Nf6 7. d4 cxd4 8. exd4 0-0 9. Bg5 Qc7 10. Ne5 Bf5 11. f4 Rad8 12. Nd2 c5 13. Ndf3 cxd4 14. cxd4 Ne4 15. Rc1 Qb8 16. Bxe7 Rfe8 17. Bxd8 Rxd8 18. Qb3 Be6 19. Qb4 Bf8 20. Qe1 Nd6 21. Qh4 Nf5 22. Qe1 Nxd4 23. Nxd4 Rxd4 24. b3 a6 25. Qe3 Rd5 26. Kh1 Bh6 27. g3 Bg7 28. Rcd1 Bxe5 29. fxe5 Rxe5 30. Qb6 Bd5+ 31. Kg1 Kg7 32. Qf6+ Kg8 33. Rxd5 Rxd5 34. Qxf7+ 1-0

[Event "Wloclawek-ch"]
[Site "Wloclawek"]
[Date "2017.??.??"]
[Round "6"]
[White "Czekalski, Pawel"]
[Black "Sivickis, Andrejus"]
[Result "0-1"]
[WhiteElo "1181"]
[BlackElo "1206"]
[PlyCount "112"]
[EventDate "2017.10.??"]
[EventType "swiss"]
[EventRounds "9"]
[EventCountry "POL"]
[SourceTitle "EXT 2021"]
[Source "ChessBase"]
[SourceDate "2020.10.23"]
[SourceVersion "1"]
[SourceVersionDate "2020.10.23"]
[SourceQuality "1"]

1. e4 c5 2. Nf3 d6 3. Bb5+ Nd7 4. Bxd7+ Bxd7 5. 0-0 g6 6. b3 Bg7 7. c3 Nf6 8. Qe2 0-0 9. Bb2 Bc6 10. d3 e6 11. Nbd2 Qc7 12. h3 Nd7 13. g3 b5 14. a3 a5 15. Ra2 b4 16. c4 Ne5 17. Nxe5 dxe5 18. Nf3 f5 19. Ng5 Qe7 20. f4 h6 21. Nf3 exf4 22. gxf4 fxe4 23. Ne5 Bxe5 24. Bxe5 exd3 25. Qxd3 Rf5 26. Qg3 Qf7 27. a4 Rd8 28. Kh2 Rd4 29. Bxd4 cxd4 30. Rd2 e5 31. Rg1 Kh7 32. fxe5 Rf3 33. Qe1 Qf4+ 34. Rg3 Rxg3 35. Qxg3 Qxd2+ 36. Kg1 Qe3+ 37. Kh2 Qxg3+ 38. Kxg3 Kg7 39. c5 Kf7 40. Kf4 Ke6 41. h4 Kd5 42. h5 gxh5 43. Kf5 Kxc5 44. e6 d3 45. e7 Be8 46. Kf6 d2 47. Kg7 Kc6 48. Kf8 Kd7 49. Kg7 h4 50. Kxh6 h3 51. Kg5 h2 52. Kf6 d1Q 53. Ke5 h1Q 54. Kf6 Qe2 55. Kf5 Qhf3+ 56. Kg5 Qg4+ 0-1

[Event "Wloclawek CC Classic 19th"]
[Site "Wloclawek"]
[Date "2017.??.??"]
[Round "7"]
[White "Sivickis, Andrejus"]
[Black "Zajac, Szymon"]
[Result "1/2-1/2"]
[WhiteElo "1193"]
[BlackElo "1191"]
[PlyCount "72"]
[EventDate "2017.06.??"]
[EventType "swiss"]
[EventRounds "7"]
[EventCountry "POL"]
[SourceTitle "EXT 2021"]
[Source "ChessBase"]
[SourceDate "2020.10.23"]
[SourceVersion "1"]
[SourceVersionDate "2020.10.23"]
[SourceQuality "1"]

1. e4 c5 2. Nf3 Nc6 3. d4 cxd4 4. Nxd4 e5 5. Nf5 d6 6. Bc4 Bxf5 7. exf5 Nf6 8. Nc3 Be7 9. Nd5 Nxd5 10. Qxd5 0-0 11. Bd2 Qb6 12. Bb3 Rac8 13. 0-0 Qd8 14. Qe4 Qd7 15. Qg4 Nd4 16. c3 Nxf5 17. Bc2 g6 18. Bxf5 Qxf5 19. Qxf5 gxf5 20. Bh6 Rfd8 21. Rfe1 f4 22. g3 fxg3 23. hxg3 f6 24. Kg2 Bf8 25. Rh1 Bxh6 26. Rxh6 Kg7 27. Rah1 Rh8 28. R6h4 Rc7 29. Kf3 Kf8 30. Kg4 Rg7+ 31. Kf5 Ke7 32. Rh6 Rg5+ 33. Ke4 Rg7 34. c4 Ke6 35. b3 a6 36. R1h4 b5 1/2-1/2

[Event "Wloclawek-ch"]
[Site "Wloclawek"]
[Date "2017.??.??"]
[Round "7"]
[White "Wieckowska, Oliwia"]
[Black "Sivickis, Andrejus"]
[Result "1/2-1/2"]
[WhiteElo "1141"]
[BlackElo "1206"]
[PlyCount "74"]
[EventDate "2017.10.??"]
[EventType "swiss"]
[EventRounds "9"]
[EventCountry "POL"]
[SourceTitle "EXT 2021"]
[Source "ChessBase"]
[SourceDate "2020.10.23"]
[SourceVersion "1"]
[SourceVersionDate "2020.10.23"]
[SourceQuality "1"]

1. e4 c5 2. Nf3 d6 3. Bb5+ Nd7 4. d4 a6 5. Bd3 cxd4 6. Nxd4 g6 7. Be3 Bg7 8. 0-0 Nc5 9. c3 Nxd3 10. Qxd3 Nf6 11. Nd2 0-0 12. N4f3 Ng4 13. h3 Nxe3 14. Qxe3 Bd7 15. Rad1 Rc8 16. Nb3 Qc7 17. Rfe1 Rfe8 18. e5 b5 19. exd6 exd6 20. Qd3 Rxe1+ 21. Nxe1 Be5 22. Nf3 Bf5 23. Qd2 Qe7 24. Nxe5 dxe5 25. Qd6 Qxd6 26. Rxd6 Ra8 27. Nc5 a5 28. Ra6 Rxa6 29. Nxa6 a4 30. Nc7 Bd7 31. Kf1 Kf8 32. Ke2 Ke7 33. Ke3 Bc6 34. g3 Kd7 35. Na6 Kd6 36. h4 Bb7 37. Nb4 Ke6 1/2-1/2

[Event "Wloclawek CC Classic 17th"]
[Site "Wloclawek"]
[Date "2016.??.??"]
[Round "5"]
[White "Czerwinska, Ewelina"]
[Black "Sivickis, Andrejus"]
[Result "0-1"]
[WhiteElo "1159"]
[BlackElo "1400"]
[PlyCount "26"]
[EventDate "2016.06.??"]
[EventType "swiss"]
[EventRounds "7"]
[EventCountry "POL"]
[SourceTitle "EXT 2021"]
[Source "ChessBase"]
[SourceDate "2020.10.23"]
[SourceVersion "1"]
[SourceVersionDate "2020.10.23"]
[SourceQuality "1"]

1. e4 c5 2. Nf3 d6 3. d3 Nc6 4. g3 g6 5. Bg2 Nf6 6. 0-0 Bg7 7. Nc3 a6 8. Be3 0-0 9. Nd2 Bd7 10. f4 Ng4 11. Qe2 Nxe3 12. Qxe3 Bd4 13. Qxd4 Nxd4 0-1

[Event "Wloclawek CC Classic 17th"]
[Site "Wloclawek"]
[Date "2016.??.??"]
[Round "6"]
[White "Sivickis, Andrejus"]
[Black "Hajduk, Tomasz"]
[Result "0-1"]
[WhiteElo "1400"]
[BlackElo "1800"]
[PlyCount "64"]
[EventDate "2016.06.??"]
[EventType "swiss"]
[EventRounds "7"]
[EventCountry "POL"]
[SourceTitle "EXT 2021"]
[Source "ChessBase"]
[SourceDate "2020.10.23"]
[SourceVersion "1"]
[SourceVersionDate "2020.10.23"]
[SourceQuality "1"]

1. c4 d5 2. cxd5 Qxd5 3. Nc3 Qd6 4. d3 c6 5. g3 e5 6. Nf3 Nf6 7. Bg2 Be7 8. 0-0 h6 9. Qc2 Bf5 10. e4 Bg4 11. Be3 Bxf3 12. Bxf3 Na6 13. a3 0-0 14. Rad1 c5 15. Nd5 Rac8 16. Bg2 Nxd5 17. exd5 Nc7 18. Qb3 b6 19. f4 Bf6 20. Qc4 Rfd8 21. Rfe1 Nxd5 22. fxe5 Bxe5 23. Bf4 Nxf4 24. gxf4 Bxf4 25. Rf1 Qd4+ 26. Kh1 Qxc4 27. dxc4 Rxd1 28. Rxd1 Re8 29. Kg1 Re2 30. b3 Be3+ 31. Kf1 Rf2+ 32. Kg1 Rd2+ 0-1

[Event "Wloclawek CC Classic 17th"]
[Site "Wloclawek"]
[Date "2016.??.??"]
[Round "3"]
[White "Wieckowska, Oliwia"]
[Black "Sivickis, Andrejus"]
[Result "1/2-1/2"]
[WhiteElo "1192"]
[BlackElo "1400"]
[PlyCount "116"]
[EventDate "2016.06.??"]
[EventType "swiss"]
[EventRounds "7"]
[EventCountry "POL"]
[SourceTitle "EXT 2021"]
[Source "ChessBase"]
[SourceDate "2020.10.23"]
[SourceVersion "1"]
[SourceVersionDate "2020.10.23"]
[SourceQuality "1"]

1. e4 c5 2. Nf3 d6 3. Bb5+ Nc6 4. d4 a6 5. Bxc6+ bxc6 6. dxc5 Qa5+ 7. Bd2 Qxc5 8. 0-0 Nf6 9. Re1 g6 10. Nc3 Bg7 11. Na4 Qb5 12. b3 0-0 13. c4 Qh5 14. Rc1 Rb8 15. h3 Bxh3 16. gxh3 Qxh3 17. Nh2 Nh5 18. Qf3 Qh4 19. Qg4 Qf6 20. Qg5 Qe5 21. Qxe5 Bxe5 22. Ng4 Kh8 23. Nxe5 dxe5 24. Rcd1 Nf6 25. Nc5 Ra8 26. Bg5 Rfe8 27. Bxf6+ exf6 28. Rd6 Kg7 29. Red1 a5 30. f3 h5 31. Kf2 h4 32. Kg2 g5 33. Kh3 Kg6 34. Kg4 Rh8 35. R1d2 h3 36. Rh2 Rh4+ 37. Kg3 Rah8 38. Nd7 Kg7 39. Nxf6 R4h6 40. Rxc6 Rxf6 41. Rxf6 Kxf6 42. Rxh3 Rd8 43. Rh6+ Kg7 44. Rh2 f6 45. Re2 Kg6 46. Kg4 Rd4 47. Kg3 a4 48. Kf2 axb3 49. axb3 Rd3 50. Re3 Rd2+ 51. Re2 Rd4 52. Re1 Kf7 53. Re3 Ke7 54. Ke2 Kd6 55. Rd3 Kc5 56. Kd2 Kb4 57. Rxd4 exd4 58. Kd3 Kc5 1/2-1/2